[Event "SR 3. liga A2 2007/2008"]
[Site "?"]
[Date "2007.11.25"]
[Round "4"]
[White "Skapik, Branislav"]
[Black "Kastler, Peter"]
[Result "1-0"]
[WhiteElo "1797"]
[BlackElo "1679"]
[PlyCount "85"]
[EventDate "2007.??.??"]

1. e4 e5 2. Nf3 Nf6 3. Nc3 Nc6 4. Be2 Bb4 5. d3 d6 6. Bg5 Be6 7. a3 Ba5 8. h3
a6 9. O-O Qd7 10. Be3 Bxc3 11. bxc3 Ne7 12. Nd2 Qc6 13. c4 O-O 14. f4 g6 15.
Bf3 Qa4 16. fxe5 dxe5 17. Bg5 Kg7 18. Be2 Nfg8 19. g4 Rad8 20. h4 Qd7 21. h5 f6
22. Be3 f5 23. exf5 gxf5 24. g5 f4 25. h6+ Kh8 26. Bc5 b6 27. Bb4 Qd4+ 28. Rf2
c5 29. Nf3 Qd6 30. Bc3 Nc6 31. Nh4 Nge7 32. Bh5 Rg8 33. Nf3 Nd4 34. Bxd4 cxd4
35. Qe2 Nc6 36. Kh2 Bf5 37. Bf7 Rxg5 38. Nxg5 f3 39. Qxf3 e4+ 40. Qf4 Qxh6+ 41.
Kg2 Ne7 42. Rh1 Qc6 43. Qe5+ 1-0

[Event "SR 3. liga A2 2007/2008"]
[Site "?"]
[Date "2007.12.09"]
[Round "5"]
[White "Cechovic, Stefan"]
[Black "Csefalvay, Stefan"]
[Result "1-0"]
[WhiteElo "2164"]
[BlackElo "1948"]
[PlyCount "89"]
[EventDate "2007.??.??"]

1. Nf3 d5 2. d4 c6 3. g3 Nf6 4. Bg2 Bf5 5. O-O e6 6. b3 Be7 7. c4 O-O 8. Nc3 h6
9. Bb2 a5 10. Nd2 Nbd7 11. Rc1 Bg6 12. e4 dxe4 13. Ndxe4 Nxe4 14. Nxe4 Nf6 15.
Nc3 Qd7 16. d5 exd5 17. cxd5 cxd5 18. Nxd5 Nxd5 19. Qxd5 Qxd5 20. Bxd5 Bd6 21.
Bxb7 Rab8 22. Bc6 Bf5 23. Rfd1 Rfd8 24. Rd5 Be6 25. Rxa5 Bb4 26. Ra4 Rd2 27.
Rxb4 Rxb4 28. Bc3 Rbd4 29. Bxd4 Rxd4 30. Rc2 Bh3 31. f3 Be6 32. Kf2 Bf5 33. Re2
Be6 34. Be4 Kf8 35. Ke3 Rb4 36. Rd2 Ke7 37. Bd5 Bf5 38. Bc4 f6 39. Kd4 Rb8 40.
a4 Kd6 41. b4 Bd7 42. b5 Ra8 43. Kc3+ Kc7 44. Kb4 Re8 45. b6+ 1-0

[Event "SR 3. liga A2 2007/2008"]
[Site "?"]
[Date "2007.12.09"]
[Round "5"]
[White "Vizvari, Ludovit"]
[Black "Liptak, Tomas"]
[Result "1/2-1/2"]
[WhiteElo "2050"]
[BlackElo "1987"]
[PlyCount "113"]
[EventDate "2007.??.??"]

1. d4 Nf6 2. c4 d5 3. Nc3 c6 4. Nf3 Bf5 5. e3 e6 6. Bd3 Bg6 7. O-O Nbd7 8. Re1
Ne4 9. Bxe4 dxe4 10. Nd2 f5 11. f4 Bf7 12. g3 c5 13. Ne2 cxd4 14. exd4 Nb6 15.
c5 Nd5 16. Qa4+ Qd7 17. Qxd7+ Kxd7 18. a3 Ne3 19. Rb1 Nc2 20. Rf1 Bh5 21. Nc3
Nxd4 22. b4 e3 23. Nc4 e2 24. Ne5+ Ke8 25. Re1 Nc2 26. Rxe2 Bxe2 27. Nxe2 Be7
28. Kf2 Rd8 29. Bb2 Bf6 30. Rc1 Bxe5 31. fxe5 Nxa3 32. Bxa3 Kf7 33. Ke3 Rd5 34.
Bb2 Rhd8 35. Bd4 g5 36. Rc4 b5 37. cxb6 axb6 38. Nc3 R5d7 39. Nb5 Rd5 40. Rc7+
Kg6 41. Nd6 Ra8 42. Nc4 Rb5 43. Bc3 Ra2 44. Nd2 Ra3 45. Ke2 f4 46. Rc6 Kf5 47.
gxf4 Kxf4 48. Rc4+ Kf5 49. h3 h5 50. Nf3 Rxc3 51. Rxc3 Rxb4 52. Kd3 Rf4 53. Ke2
Re4+ 54. Kf2 g4 55. hxg4+ hxg4 56. Nd2 Rxe5 57. Nc4 1/2-1/2

[Event "SR 3. liga A2 2007/2008"]
[Site "?"]
[Date "2007.12.09"]
[Round "5"]
[White "Vlkovic, Pavol"]
[Black "Ivan, Imrich st"]
[Result "1-0"]
[WhiteElo "1930"]
[BlackElo "1870"]
[PlyCount "36"]
[EventDate "2007.??.??"]

1. e4 e6 2. d4 d5 3. e5 c5 4. c3 Nc6 5. Nf3 Qb6 6. Be2 cxd4 7. cxd4 Bb4+ 8. Nc3
Nge7 9. O-O Bxc3 10. bxc3 O-O 11. Qd3 Bd7 12. h4 h5 13. Ng5 Nf5 14. Bxh5 g6 15.
Be2 Nxh4 16. Qh3 Kg7 17. Qxh4 Rh8 18. Qf4 Qd8 1-0

[Event "SR 3. liga A2 2007/2008"]
[Site "?"]
[Date "2007.12.09"]
[Round "5"]
[White "Magyarics, Jozef"]
[Black "Liptak, Dusan"]
[Result "0-1"]
[WhiteElo "1567"]
[BlackElo "1729"]
[PlyCount "78"]
[EventDate "2007.??.??"]

1. e4 e6 2. d4 d5 3. e5 c5 4. c3 Qb6 5. Nf3 Nc6 6. Be2 Bd7 7. O-O cxd4 8. cxd4
Nge7 9. b3 Nf5 10. Be3 Be7 11. Nc3 a5 12. Rc1 f6 13. Qd2 fxe5 14. Nxe5 Nxe5 15.
dxe5 Nxe3 16. fxe3 Bg5 17. Rf3 Bc6 18. Rg3 Bh6 19. Qd3 Ke7 20. Rf1 g6 21. Nb5
Bxb5 22. Qxb5 Bxe3+ 23. Kh1 Qxb5 24. Bxb5 Bd4 25. Re1 Bf2 26. Rc1 Bxg3 27. hxg3
Rac8 28. Rd1 Rc2 29. Rd3 Rhc8 30. g4 R8c3 31. Rd4 Rxa2 32. Ba4 Re3 33. g5 Rxe5
34. Rh4 Rxg5 35. Rxh7+ Kf6 36. Rxb7 d4 37. Rd7 Rd5 38. Rc7 Ra1+ 39. Kh2 d3 0-1

[Event "SR 3. liga A2 2007/2008"]
[Site "?"]
[Date "2007.12.09"]
[Round "5"]
[White "Cisar, Marian"]
[Black "Bogi, Timea"]
[Result "1-0"]
[WhiteElo "1669"]
[BlackElo "1516"]
[PlyCount "105"]
[EventDate "2007.??.??"]

1. e4 e5 2. Nf3 Nc6 3. Bc4 Bc5 4. Nc3 Nf6 5. O-O O-O 6. d3 h6 7. Na4 Be7 8. Be3
d5 9. exd5 Nxd5 10. Bxd5 Qxd5 11. c4 Qd8 12. Qd2 e4 13. dxe4 Bg4 14. Nd4 Ne5
15. c5 Bd7 16. Nc3 Nc4 17. Qe2 Nxe3 18. Qxe3 Bxc5 19. Rad1 Bg4 20. f3 Bh5 21.
g4 Bg6 22. b4 Bb6 23. e5 c6 24. f4 Qh4 25. h3 Rad8 26. Nce2 f5 27. Qb3+ Kh7 28.
Kh2 Bxd4 29. Nxd4 fxg4 30. Ne6 gxh3 31. Rxd8 Rxd8 32. Nxd8 Qxd8 33. f5 Bh5 34.
Kxh3 Qd4 35. Qg3 Qxb4 36. f6 Qf8 37. Rg1 g5 38. Qd3+ Kh8 39. Qd7 c5 40. Qxb7 c4
41. Qxa7 c3 42. Rc1 Bf7 43. Rxc3 Qe8 44. Qe7 Qg8 45. Rc7 g4+ 46. Kg3 Qg5 47.
Qf8+ Bg8 48. Qg7+ Qxg7 49. fxg7+ Kh7 50. a4 Kg6 51. Kxg4 Be6+ 52. Kf4 h5 53.
Rc6 1-0

[Event "SR 3. liga A2 2007/2008"]
[Site "?"]
[Date "2007.12.09"]
[Round "5"]
[White "Bogi, Peter"]
[Black "Markuliak, Mario"]
[Result "0-1"]
[WhiteElo "1553"]
[BlackElo "1663"]
[PlyCount "142"]
[EventDate "2007.??.??"]

1. e4 e6 2. d4 d5 3. e5 c5 4. c3 Nc6 5. Nf3 Qb6 6. Na3 cxd4 7. cxd4 Bb4+ 8. Bd2
Bxa3 9. bxa3 Nxd4 10. Qa4+ Nc6 11. Bd3 Nge7 12. Rb1 Qc7 13. O-O Bd7 14. Qc2 Rc8
15. Rfc1 Nf5 16. Bb5 Qb8 17. Qa4 O-O 18. g4 Nfe7 19. Bb4 a6 20. Bxc6 Bxc6 21.
Rxc6 bxc6 22. Qc2 Qa7 23. Bc5 Qd7 24. h4 f6 25. exf6 Rxf6 26. Ng5 g6 27. h5 e5
28. Qe2 Rcf8 29. h6 e4 30. Kh1 Rf4 31. Qb2 R8f7 32. Nxf7 Rxf7 33. Qe2 g5 34.
Bxe7 Rxe7 35. Qxa6 Qe6 36. Kg2 Qxg4+ 37. Kf1 Qh3+ 38. Ke2 Qxh6 39. Rb8+ Kf7 40.
Qc8 Qh5+ 41. Ke3 Qf3+ 42. Kd4 Qd3+ 43. Kc5 Qxa3+ 44. Kb6 Qb4+ 45. Kxc6 Qc4+ 46.
Kd6 Qxc8 47. Rxc8 d4 48. Rc1 d3 49. Rd1 g4 50. Kd5 Kf6 51. Kd4 Kf5 52. Ke3 h5
53. Rh1 Rh7 54. a4 h4 55. a5 h3 56. a6 Ra7 57. Ra1 Ke5 58. Ra5+ Ke6 59. Rg5 h2
60. Rh5 Rxa6 61. Rxh2 Ra1 62. Rh4 Re1+ 63. Kd2 Re2+ 64. Kd1 Kf5 65. Rh8 Kg5 66.
Rg8+ Kf5 67. Rf8+ Ke5 68. Rg8 Rxf2 69. Rxg4 Kd4 70. Rg1 Kc3 71. Rh1 Ra2 0-1

[Event "SR 3. liga A2 2007/2008"]
[Site "?"]
[Date "2007.12.09"]
[Round "5"]
[White "Hornak, Pavol"]
[Black "Sooky, Ladislav"]
[Result "1/2-1/2"]
[WhiteElo "1619"]
[BlackElo "1484"]
[PlyCount "115"]
[EventDate "2007.??.??"]

1. d4 e6 2. c4 c5 3. Nf3 cxd4 4. Nxd4 Nf6 5. Nc3 b6 6. Ndb5 a6 7. Nd6+ Bxd6 8.
Qxd6 Nc6 9. Bg5 h6 10. Bh4 Bb7 11. f3 Rc8 12. e4 Qc7 13. Qxc7 Rxc7 14. Bf2 Rc8
15. Bxb6 Nb4 16. Rc1 O-O 17. a3 Nc6 18. Be2 d6 19. O-O Ne5 20. Na2 Nfd7 21. Bf2
Nc5 22. Rfd1 Rfd8 23. b4 Na4 24. c5 dxc5 25. Rxd8+ Rxd8 26. Rc2 cxb4 27. axb4
Nc6 28. Kf1 Nd4 29. Rc7 Nxe2 30. Kxe2 Bc8 31. Nc1 Bd7 32. Be3 Bb5+ 33. Kf2 Nb2
34. Bc5 Rd2+ 35. Kg3 Bf1 36. Rc8+ Kh7 37. Rc7 Kg6 38. f4 Rxg2+ 39. Kf3 Rxh2 40.
Bd4 Nc4 41. f5+ exf5 42. exf5+ Kxf5 43. Rxf7+ Ke6 44. Rxg7 h5 45. Bc5 Ne5+ 46.
Kf4 Nd3+ 47. Nxd3 Bxd3 48. Ra7 Rg2 49. Re7+ Kf6 50. Kf3 Rg5 51. Re3 Rd5 52. Kf4
Bb5 53. Rf3 Rf5+ 54. Ke4 Rxf3 55. Kxf3 Kf5 56. Kg3 Be2 57. Be7 Ke4 58. Bc5
1/2-1/2

[Event "SR 3. liga A2 2007/2008"]
[Site "?"]
[Date "2007.12.09"]
[Round "5"]
[White "Szabo, Julius"]
[Black "Prigoda, Lubos"]
[Result "0-1"]
[WhiteElo "1350"]
[BlackElo "1415"]
[PlyCount "68"]
[EventDate "2007.??.??"]

1. e4 c5 2. Ne2 Nc6 3. c4 e6 4. Nbc3 Be7 5. d4 cxd4 6. Nxd4 Nf6 7. f3 Qb6 8.
Be3 Qxb2 9. Na4 Bb4+ 10. Bd2 Qxd2+ 11. Qxd2 Bxd2+ 12. Kxd2 Nxd4 13. e5 Ng8 14.
Nc3 Ne7 15. Bd3 O-O 16. g4 Nxf3+ 17. Ke3 Nxe5 18. Be2 b6 19. g5 Bb7 20. Rhd1
Rfd8 21. Nb5 d5 22. Rac1 Nf5+ 23. Kf2 a6 24. Na3 Rac8 25. Rc3 dxc4 26. Rdc1 b5
27. Nb1 Nd3+ 28. Bxd3 Rxd3 29. R3c2 Rf3+ 30. Ke1 Rd8 31. Nd2 Re3+ 32. Kf2 Red3
33. Ke1 Ne3 34. Rc3 Ng2+ 0-1

[Event "SR 3. liga A2 2007/2008"]
[Site "?"]
[Date "2007.12.09"]
[Round "5"]
[White "Meszaros, Lorant"]
[Black "Janko, Ladislav"]
[Result "0-1"]
[WhiteElo "2103"]
[BlackElo "2195"]
[PlyCount "90"]
[EventDate "2007.??.??"]

1. d4 g6 2. Nf3 Bg7 3. c4 d6 4. g3 Bg4 5. Bg2 Nc6 6. e3 e5 7. d5 Nce7 8. Nc3 f5
9. Qa4+ Qd7 10. Qxd7+ Kxd7 11. Ng5 h6 12. Ne6 Bf6 13. f3 Bh5 14. h4 g5 15. hxg5
hxg5 16. e4 g4 17. f4 Bg6 18. fxe5 Rxh1+ 19. Bxh1 Bxe5 20. Bf4 Bxc3+ 21. bxc3
fxe4 22. Kd2 c6 23. Ng5 Nf6 24. dxc6+ Nxc6 25. Ke3 Na5 26. c5 dxc5 27. Rd1+ Ke8
28. Bg2 Nc4+ 29. Kf2 Ke7 30. Bf1 e3+ 31. Kg2 Nb2 32. Rd6 Bf5 33. Be5 Ne4 34.
Nxe4 Bxe4+ 35. Kg1 c4 36. Be2 Bf3 37. Kf1 Bxe2+ 38. Kxe2 Nd3 39. Rxd3 cxd3+ 40.
Kxd3 Ke6 41. Bd4 Rf8 42. Bxa7 Rf3 43. Bxe3 Rxg3 44. Ke4 Rf3 45. Bd4 Rf1 0-1

[Event "SR 3. liga A2 2007/2008"]
[Site "?"]
[Date "2007.12.09"]
[Round "5"]
[White "Sulek, Viliam"]
[Black "Szitasi, Janos"]
[Result "1/2-1/2"]
[WhiteElo "2172"]
[BlackElo "1987"]
[PlyCount "88"]
[EventDate "2007.??.??"]

1. e4 e5 2. Nf3 Nc6 3. Bb5 a6 4. Ba4 d6 5. c3 Nf6 6. O-O Be7 7. Re1 O-O 8. h3
b5 9. Bb3 Na5 10. Bc2 c5 11. d4 Nc6 12. d5 Na7 13. Nbd2 Bd7 14. Nf1 Nc8 15. Ng3
Re8 16. Bg5 h6 17. Be3 Bf8 18. Qd2 Rb8 19. Ne2 Nb6 20. b3 a5 21. g4 b4 22. c4
a4 23. Ng3 axb3 24. axb3 Nh7 25. Kh2 g5 26. Nh5 Kh8 27. Kg3 Be7 28. Rh1 Rg8 29.
Ra7 Ra8 30. Rha1 Rxa7 31. Rxa7 Qb8 32. Ra2 Qb7 33. Qc1 Ra8 34. Qa1 Rxa2 35.
Qxa2 Qa8 36. Qxa8+ Nxa8 37. h4 f6 38. Kh3 Kg8 39. Ng3 Kf7 40. Nf5 Bf8 41. h5
Bxf5 42. exf5 Nc7 43. Nd2 Na6 44. Ne4 Be7 1/2-1/2

[Event "SR 3. liga A2 2007/2008"]
[Site "?"]
[Date "2007.12.09"]
[Round "5"]
[White "Ollos, Ladislav"]
[Black "Kantor, Reka"]
[Result "1/2-1/2"]
[WhiteElo "1995"]
[BlackElo "1780"]
[PlyCount "23"]
[EventDate "2007.??.??"]

1. e3 c5 2. d4 e6 3. Nf3 Nc6 4. Nc3 Nf6 5. Bd3 d5 6. b3 cxd4 7. exd4 Bb4 8. Bd2
Qa5 9. Ne2 Bxd2+ 10. Qxd2 Qxd2+ 11. Kxd2 Bd7 12. h3 $11 1/2-1/2

[Event "SR 3. liga A2 2007/2008"]
[Site "?"]
[Date "2007.12.09"]
[Round "5"]
[White "Puobis, Jozef"]
[Black "Fekete, Robert"]
[Result "1-0"]
[WhiteElo "2021"]
[BlackElo "1874"]
[PlyCount "117"]
[EventDate "2007.??.??"]

1. e4 e5 2. Nf3 Nc6 3. Bc4 Nf6 4. Ng5 d5 5. exd5 Nxd5 6. Qf3 Be6 7. Nxe6 fxe6
8. Nc3 Nf6 9. Bb5 Qd7 10. d3 Bc5 11. Be3 Bb6 12. O-O O-O 13. Bxc6 bxc6 14. Bxb6
cxb6 15. Qg3 Qd4 16. Rae1 Nd5 17. Qxe5 Qc5 18. Qxe6+ Kh8 19. Nxd5 cxd5 20. Re2
Rf6 21. Qe7 Qb5 22. b3 a5 23. a4 Qc6 24. Rfe1 Rff8 25. Qe6 Qc5 26. Qe3 Qd6 27.
Qe7 Qc6 28. f3 Qg6 29. Qb7 Rab8 30. Qxd5 h6 31. Re6 Qf7 32. Qe5 Kh7 33. Qe3 Qc7
34. Re2 b5 35. Qe4+ Kh8 36. axb5 Qc5+ 37. Qe3 Qxb5 38. Qe5 Qb7 39. Rxh6+ Kg8
40. Qe6+ Rf7 41. Rh5 a4 42. bxa4 Qa7+ 43. Qe3 Qxa4 44. Kf2 Qb4 45. Qc5 Qa4 46.
Rhe5 Qh4+ 47. Kf1 Qxh2 48. Re8+ Rxe8 49. Rxe8+ Kh7 50. Qf2 Rc7 51. Qd4 Qh1+ 52.
Qg1 Qh4 53. Re4 Qh5 54. c4 Rb7 55. Qd4 g5 56. Re6 Qh1+ 57. Kf2 g4 58. Qe4+ Kg8
59. Qg6+ 1-0

[Event "SR 3. liga A2 2007/2008"]
[Site "?"]
[Date "2007.12.09"]
[Round "5"]
[White "Both, Lajos"]
[Black "Kubica, Adrian"]
[Result "1/2-1/2"]
[WhiteElo "1951"]
[BlackElo "1938"]
[PlyCount "120"]
[EventDate "2007.??.??"]

1. e4 e5 2. Nf3 Nf6 3. d3 d6 4. Be2 Be7 5. O-O O-O 6. Nc3 b6 7. h3 c5 8. a4 Nc6
9. Be3 Bb7 10. Qd2 Nb4 11. Na2 a5 12. Nxb4 axb4 13. b3 Qd7 14. Rfd1 b5 15. axb5
Rfb8 16. Qe1 Bc8 17. Ra4 Qb7 18. Rda1 Bd7 19. R1a2 Bxb5 20. Rxa8 Rxa8 21. Qa1
Rxa2 22. Qxa2 Qa6 23. Qxa6 Bxa6 24. Kf1 Ne8 25. Nd2 Nc7 26. Bg4 Bb5 27. f4 f6
28. fxe5 fxe5 29. Ke1 Kf7 30. g3 h6 31. h4 Bf6 32. Nf3 Be7 33. Bc8 Ba6 34. Bxa6
Nxa6 35. Kf2 Nc7 36. Kg2 Nb5 37. Bd2 Na3 38. Ne1 Kg6 39. Kh3 h5 40. Kg2 Bf6 41.
Kf2 Kf7 42. Ke2 g6 43. Kd1 Bg7 44. Nf3 Bf6 45. Bc1 Nb5 46. Bb2 Ke7 47. Kd2 Kd7
48. c3 Kc6 49. Kc2 Be7 50. cxb4 cxb4 51. d4 exd4 52. Bxd4 g5 53. hxg5 Bxg5 54.
Bb2 Be3 55. e5 dxe5 56. Bxe5 Kd5 57. Kd3 Bf2 58. Bf4 Nd4 59. Nxd4 Bxd4 60. Bd2
Be5 1/2-1/2

[Event "SR 3. liga A2 2007/2008"]
[Site "?"]
[Date "2007.12.09"]
[Round "5"]
[White "Bott, Tamas"]
[Black "Bernath, Mikulas"]
[Result "1/2-1/2"]
[WhiteElo "1827"]
[BlackElo "1924"]
[PlyCount "53"]
[EventDate "2007.??.??"]

1. e4 c5 2. d4 cxd4 3. Qxd4 Nc6 4. Qd3 e6 5. Nc3 a6 6. Nf3 Be7 7. Be2 b5 8. O-O
Bb7 9. Bf4 Nf6 10. a3 O-O 11. Rfd1 Bc8 12. h4 b4 13. axb4 Nxb4 14. Qd2 Nh5 15.
Bd6 Bxd6 16. Qxd6 Nc6 17. e5 Nf4 18. Bb5 Qb6 19. Bxc6 dxc6 20. Na4 Ne2+ 21. Kf1
Qb5 22. Qd3 Nf4 23. Qxb5 cxb5 24. Nb6 Ra7 25. Nxc8 Rxc8 26. Rd4 Nd5 27. c3
1/2-1/2

[Event "SR 3. liga A2 2007/2008"]
[Site "?"]
[Date "2007.12.09"]
[Round "5"]
[White "Kalman, Miklos"]
[Black "Kosar, Mikulas st"]
[Result "1/2-1/2"]
[WhiteElo "1849"]
[BlackElo "1902"]
[PlyCount "82"]
[EventDate "2007.??.??"]

1. e4 e5 2. d4 exd4 3. Qxd4 Nc6 4. Qd1 Nf6 5. Bd3 d5 6. exd5 Qxd5 7. Qf3 Ne5 8.
Qxd5 Nxd5 9. Be4 Nf6 10. Bf3 Nxf3+ 11. Nxf3 Bg4 12. Ne5 Bd6 13. Nxg4 Nxg4 14.
h3 Ne5 15. a3 O-O 16. Nc3 Rfe8 17. O-O Rad8 18. b3 Nc6 19. Nd1 Nd4 20. Ne3 Ne2+
21. Kh1 Nxc1 22. Rfxc1 Bc5 23. Re1 Kf8 24. b4 Bd4 25. Rab1 b6 26. Rb3 c5 27. c4
cxb4 28. axb4 Bxe3 29. fxe3 Rc8 30. Rc1 Re7 31. Kg1 Rec7 32. Rbc3 Ke7 33. Kf2
Ke6 34. Kf3 Ke5 35. R1c2 h5 36. Rc1 g6 37. h4 Rc6 38. g3 Rf6+ 39. Ke2 Rfc6 40.
Kd2 Ke4 41. Ke2 R8c7 1/2-1/2

[Event "SR 3. liga A2 2007/2008"]
[Site "?"]
[Date "2007.12.09"]
[Round "5"]
[White "Kosar, Mikulas ml"]
[Black "Kalmar, Tamas"]
[Result "1/2-1/2"]
[WhiteElo "1935"]
[BlackElo "1529"]
[PlyCount "104"]
[EventDate "2007.??.??"]

1. e4 e6 2. Nc3 d5 3. Nf3 dxe4 4. Nxe4 Nd7 5. d4 Ngf6 6. Bg5 Be7 7. Bd3 O-O 8.
O-O Nxe4 9. Bxe7 Qxe7 10. Bxe4 Nf6 11. Bd3 b6 12. c3 Bb7 13. Ne5 Nd7 14. f4
Nxe5 15. fxe5 c5 16. Rf4 f5 17. exf6 Rxf6 18. Rxf6 Qxf6 19. Qc2 h6 20. dxc5
bxc5 21. Rf1 Qe7 22. Bh7+ Kh8 23. Bg6 Rf8 24. Rxf8+ Qxf8 25. Qe2 Qd6 26. Qf1
Qe7 27. Qf7 Qxf7 28. Bxf7 Bd5 29. b3 c4 30. b4 g5 31. b5 Kg7 32. Be8 Kf6 33. a4
Ke7 34. Bh5 Kd6 35. Kf2 Kc5 36. Bf3 Kb6 37. Ke3 Ka5 38. Bd1 Bxg2 39. Kd4 Bd5
40. Kc5 h5 41. Bxh5 Kxa4 42. Bd1+ Ka3 43. Be2 Kb2 44. Kd4 Kb3 45. Bf1 Ka4 46.
Bxc4 Bxc4 47. Kxc4 e5 48. Kd5 Kxb5 49. c4+ Kb6 50. Kd6 Kb7 51. Kd7 Kb6 52. Kd6
Kb7 1/2-1/2

[Event "SR 3. liga A2 2007/2008"]
[Site "?"]
[Date "2007.12.09"]
[Round "5"]
[White "Sekera, Branislav"]
[Black "Pagerka, Martin"]
[Result "1-0"]
[WhiteElo "2129"]
[BlackElo "2099"]
[PlyCount "109"]
[EventDate "2007.??.??"]

1. d4 d5 2. c4 c6 3. Nf3 Nf6 4. Nc3 e6 5. Bg5 Nbd7 6. e3 Qa5 7. Bxf6 Nxf6 8.
Nd2 Bb4 9. Qc2 O-O 10. Rc1 Be7 11. Bd3 Bd7 12. O-O b5 13. cxb5 cxb5 14. Nb3 Qb6
15. Ne2 Rac8 16. Nc5 Bc6 17. b4 g6 18. Ng3 Nd7 19. f4 Nxc5 20. dxc5 Qd8 21. Qe2
Rb8 22. Qf2 f5 23. Ne2 Bf6 24. Nd4 Qd7 25. Rb1 e5 26. fxe5 Bxe5 27. g3 Rf6 28.
Qe2 a6 29. a4 Bxd4 30. exd4 Re6 31. Qd2 Qg7 32. Qf4 Rbe8 33. axb5 axb5 34. Rfd1
R6e7 35. Ra1 g5 36. Qf2 f4 37. gxf4 gxf4+ 38. Kh1 Qh6 39. Ra6 Rg7 40. Rg1 Rxg1+
41. Qxg1+ Kh8 42. Ra7 Rg8 43. Qe1 Rg7 44. Qe5 f3 45. Rxg7 Qxg7 46. Qb8+ Qg8 47.
Qxg8+ Kxg8 48. Kg1 Kg7 49. Kf2 h6 50. Kxf3 Kf6 51. Kf4 Bd7 52. Be2 Bc6 53. Bg4
Be8 54. Bf5 h5 55. h4 1-0

[Event "SR 3. liga A2 2007/2008"]
[Site "?"]
[Date "2007.12.09"]
[Round "5"]
[White "Hecko, Dusan"]
[Black "Lopatievov, Alexander"]
[Result "1-0"]
[WhiteElo "2123"]
[BlackElo "1904"]
[PlyCount "125"]
[EventDate "2007.??.??"]

1. e4 Nc6 2. Nc3 Nf6 3. d4 d5 4. e5 Ne4 5. Nxe4 dxe4 6. c3 a6 7. Qc2 Bf5 8. Ne2
e6 9. Be3 Be7 10. Ng3 Qd5 11. Be2 Bg6 12. Bh5 Bf5 13. O-O b5 14. f3 exf3 15.
Nxf5 exf5 16. Bxf3 Qd7 17. Bxc6 Qxc6 18. Qxf5 O-O 19. Qg4 Qe6 20. Qxe6 fxe6 21.
Rxf8+ Rxf8 22. Rf1 Rxf1+ 23. Kxf1 Kf7 24. Ke2 Ke8 25. Kd3 Kd7 26. Ke4 c6 27. b3
Bd8 28. c4 Bb6 29. Bd2 bxc4 30. bxc4 Bd8 31. Bb4 Bg5 32. h3 Bd8 33. Bf8 g6 34.
Bc5 Ba5 35. Kf4 Bd2+ 36. Kg4 Be3 37. Kf3 Bd2 38. Ke4 Ba5 39. Kd3 Bd8 40. Kc3
Bc7 41. Kb4 Bd8 42. Ba7 Bc7 43. Ka4 Bd8 44. Bc5 Bc7 45. Bb4 Bb6 46. Bc3 Bc7 47.
Ba5 Bb8 48. Bb6 Kc8 49. Kb4 Kb7 50. Kc5 h5 51. a3 g5 52. g4 hxg4 53. hxg4 Bc7
54. Bxc7 Kxc7 55. d5 cxd5 56. cxd5 exd5 57. Kxd5 Kd7 58. e6+ Ke7 59. Ke5 a5 60.
a4 Ke8 61. Kf6 Kf8 62. Kxg5 Ke7 63. Kf5 1-0

[Event "SR 3. liga A2 2007/2008"]
[Site "?"]
[Date "2007.12.09"]
[Round "5"]
[White "Mackovic, Miroslav"]
[Black "Karlik, L."]
[Result "1-0"]
[WhiteElo "2033"]
[BlackElo "1839"]
[PlyCount "79"]
[EventDate "2007.??.??"]

1. e4 d5 2. exd5 Qxd5 3. Nc3 Qa5 4. d4 c6 5. Nf3 Nf6 6. Bd2 Qc7 7. Bc4 Bg4 8.
h3 Bxf3 9. Qxf3 e6 10. g4 a6 11. g5 Nd5 12. Ne4 Nd7 13. Bb3 b5 14. O-O N7b6 15.
Qg4 g6 16. Ba5 Bg7 17. Bxd5 cxd5 18. Nf6+ Bxf6 19. gxf6 Qd6 20. Bxb6 Qxb6 21.
Qf4 h5 22. a4 b4 23. c3 Qb8 24. Qf3 g5 25. Rfe1 Qd6 26. c4 O-O-O 27. cxd5 Qxd5
28. Qd3 Kb7 29. Rad1 Rd7 30. Re5 Qxe5 31. dxe5 Rxd3 32. Rxd3 Rc8 $11 33. Kg2
Rc5 34. Re3 Kc6 35. Kg3 Kd5 36. f4 gxf4+ 37. Kxf4 Rc4+ 38. Kg5 Re4 39. Rxe4
Kxe4 40. Kh6 1-0

[Event "SR 3. liga A2 2007/2008"]
[Site "?"]
[Date "2007.12.09"]
[Round "5"]
[White "Cajka, Tibor"]
[Black "Kozinka, Roman"]
[Result "0-1"]
[WhiteElo "1850"]
[BlackElo "1992"]
[PlyCount "80"]
[EventDate "2007.??.??"]

1. e4 c5 2. Nf3 d6 3. d4 cxd4 4. Nxd4 Nf6 5. Nc3 a6 6. Be2 e5 7. Nb3 h6 8. O-O
Qc7 9. f4 b5 10. Bf3 Bb7 11. Qe2 Nbd7 12. Be3 Rc8 13. Rac1 Be7 14. f5 Nh7 15.
g4 Bg5 16. Kh1 Nb6 17. Nd2 Nc4 18. Nxc4 Qxc4 19. Rfe1 b4 20. Qxc4 Rxc4 21. Nd5
Bxd5 22. exd5 Bxe3 23. Rxe3 a5 24. Kg2 Ke7 25. Be2 Rc5 26. Rd3 Rhc8 27. Rd2 Nf6
28. Bf3 $11 Rc4 29. h3 R8c5 30. h4 Nxg4 31. Kh3 Ne3 32. Rg1 Nxf5 33. Bg4 Nxh4
34. Kxh4 f5 35. Kh5 Rxg4 36. Rxg4 fxg4 37. Kg6 Rc4 38. Kxg7 g3 39. Rg2 h5 40.
Rxg3 Rg4+ 0-1

[Event "SR 3. liga A2 2007/2008"]
[Site "?"]
[Date "2007.12.09"]
[Round "5"]
[White "Zarecky, Eduard"]
[Black "Blazkova, Barbora"]
[Result "1/2-1/2"]
[WhiteElo "1906"]
[BlackElo "1942"]
[PlyCount "75"]
[EventDate "2007.??.??"]

1. d4 Nf6 2. c4 g6 3. Nc3 Bg7 4. Nf3 d6 5. g3 O-O 6. Bg2 Nbd7 7. e4 e5 8. O-O
c6 9. d5 c5 10. Bg5 h6 11. Bd2 a6 12. a4 a5 13. Nh4 Nh5 14. Qc1 Kh7 15. Bf3
Nhf6 16. Qc2 Nb6 17. b3 Bh3 18. Bg2 Bxg2 19. Kxg2 Nh5 20. Rae1 Bf6 21. Nf3 Bg7
22. Ne2 Qd7 23. Nfg1 f5 24. exf5 Qxf5 25. Qxf5 gxf5 26. f3 Nf6 27. Nc3 Nbd7 28.
Nb5 Ne8 29. Ne2 b6 30. Nec3 Ndf6 31. h3 h5 32. Bg5 Bh6 33. Bh4 Kg6 34. Nd1 Kf7
35. Ne3 Bxe3 36. Rxe3 Rg8 37. Kf2 Ke7 38. Rg1 1/2-1/2

[Event "SR 3. liga A2 2007/2008"]
[Site "?"]
[Date "2007.12.09"]
[Round "5"]
[White "Danada, Ondrej"]
[Black "Lukac, Tomas"]
[Result "1-0"]
[WhiteElo "1752"]
[BlackElo "1819"]
[PlyCount "51"]
[EventDate "2007.??.??"]

1. e4 e5 2. Nf3 Nc6 3. d4 exd4 4. Bc4 Bc5 5. c3 dxc3 6. Bxf7+ Kxf7 7. Qd5+ Kf8
8. Qxc5+ d6 9. Qxc3 Qf6 10. O-O Bg4 11. Bg5 Qxc3 12. Nxc3 h6 13. Nh4 Nge7 14.
Bxe7+ Nxe7 15. Nd5 Nxd5 16. Ng6+ Kg8 17. exd5 Rh7 18. Rac1 Kf7 19. Nf4 g5 20.
Rxc7+ Kg8 21. Rxh7 Kxh7 22. f3 Bf5 23. Ne2 Bd3 24. Re1 Re8 25. Kf2 Kg6 26. Nf4+
1-0

[Event "SR 3. liga A2 2007/2008"]
[Site "?"]
[Date "2007.12.09"]
[Round "5"]
[White "Gajarsky, Julius"]
[Black "Skapik, Branislav"]
[Result "1-0"]
[WhiteElo "1820"]
[BlackElo "1797"]
[PlyCount "117"]
[EventDate "2007.??.??"]

1. d4 f5 2. c4 Nf6 3. Nc3 g6 4. Bg5 Bg7 5. Qb3 Nc6 6. e3 h6 7. Bxf6 Bxf6 8. Nf3
e5 9. dxe5 Nxe5 10. Be2 c6 11. Rd1 Qc7 12. h3 O-O 13. Nxe5 Qxe5 14. Rd3 Kh7 15.
O-O Bd8 16. f4 Qg7 17. Nb1 g5 18. Qc2 Rg8 19. Bh5 Bc7 20. Kh1 d6 21. Rd2 Kh8
22. Rdf2 g4 23. hxg4 fxg4 24. g3 b5 25. cxb5 cxb5 26. Rh2 Bb6 27. e4 Bd7 28.
Nc3 Rac8 29. Qd3 Be6 30. Nd5 Bxd5 31. Qxd5 Qf6 32. Qxb5 Rc5 33. Qe2 Qe6 34. f5
Qe5 35. Bxg4 Qxg3 36. Rxh6+ Kg7 37. Rg6+ Kh7 38. Rxg8 Kxg8 39. Rg1 Qxg1+ 40.
Kxg1 Rc2+ 41. Kf1 Rxe2 42. Kxe2 Bd4 43. b4 Kf7 44. Kd3 Bb2 45. a4 Ke7 46. Kc4
Ba3 47. b5 Bc5 48. Kd5 Bg1 49. a5 Bf2 50. Kc6 Bd4 51. b6 axb6 52. axb6 Kd8 53.
f6 Be5 54. b7 d5 55. exd5 Bb8 56. d6 Ke8 57. Bh5+ Kd8 58. f7 Bxd6 59. b8=Q+ 1-0

[Event "SR 3. liga A2 2007/2008"]
[Site "?"]
[Date "2007.12.09"]
[Round "5"]
[White "Pagerka, Slavomir"]
[Black "Kozinka, Jan"]
[Result "0-1"]
[WhiteElo "1691"]
[BlackElo "1766"]
[PlyCount "94"]
[EventDate "2007.??.??"]

1. e4 c5 2. Nf3 Nc6 3. d4 cxd4 4. Nxd4 Nf6 5. Nc3 e6 6. Be2 Bb4 7. Bg5 h6 8.
Bxf6 Qxf6 9. Ndb5 O-O 10. a3 Bc5 11. O-O a6 12. Nd6 Bd4 13. Qd2 Rb8 14. Kh1 b5
15. f4 Bxc3 16. bxc3 e5 17. fxe5 Qxe5 18. Rf5 Qe7 19. Raf1 f6 20. c4 Ne5 21.
cxb5 axb5 22. Bxb5 Rxb5 23. Nxb5 d6 24. Qxd6 Qxd6 25. Nxd6 Bxf5 26. exf5 Rd8
27. Nb5 Rd2 28. Rc1 Nc4 29. c3 Ra2 30. h3 Kf7 31. Kg1 Ke7 32. Re1+ Ne5 33. Re4
Kd7 34. a4 Nc6 35. Re6 Na5 36. Re4 Nc6 37. h4 Ne5 38. Rd4+ Kc6 39. Nd6 h5 40.
Ne8 Ng4 41. Rd1 Ne3 42. Re1 Nxf5 43. Re4 Kd5 44. Rf4 Ke5 45. Rf2 Rxa4 46. Re2+
Kf4 47. Kh2 Kg4 {atd.neviem} 0-1